Catálogo

Economía y sociedad : (Registro nro. 1442)

Detalles MARC
000 -LEADER
fixed length control field 01788nam a2200385 i 4500
001 - CONTROL NUMBER
control field 1442
003 - CONTROL NUMBER IDENTIFIER
control field Mx-PuUPA
005 - DATE AND TIME OF LATEST TRANSACTION
control field 20250613151857.0
008 - FIXED-LENGTH DATA ELEMENTS--GENERAL INFORMATION
fixed length control field 140415s1964 mx gr 001 0 spa d
020 ## - INTERNATIONAL STANDARD BOOK NUMBER
International Standard Book Number 9681602854
040 ## - CATALOGING SOURCE
Original cataloging agency Mx-PuUPA
Language of cataloging spa
Transcribing agency Mx-PuUPA
Modifying agency Mx-PuUPA
Description conventions rda
041 1# - LANGUAGE CODE
Language code of text/sound track or separate title spa
Language code of original ger
100 1# - MAIN ENTRY--PERSONAL NAME
Personal name Weber, Max,
Dates associated with a name 1864-1920
9 (RLIN) 2065
Relator term autor
240 10 - UNIFORM TITLE
Uniform title Wirtschaft und Gesellschaft. Grundriss der Verstehenden Soziologie.
Language of a work Español.
245 10 - TITLE STATEMENT
Title Economía y sociedad :
Remainder of title esbozo de sociología comprensiva /
Statement of responsibility, etc. Max Weber ; edición preparada por Johannes Winckelmann ; nota preliminar de José Medina Echavarría ; traducción de José Medina Echavarría, Juan Roura Parella, Eugenio Imaz, Eduardo García Máynez y José Ferrater Mora
250 ## - EDITION STATEMENT
Edition statement Segunda edición /
Remainder of edition statement en español de la cuarta en alemán
264 #1 - PRODUCTION, PUBLICATION, DISTRIBUTION, MANUFACTURE, AND COPYRIGHT NOTICE
Place of production, publication, distribution, manufacture México, D.F. :
Name of producer, publisher, distributor, manufacturer Fondo de Cultura Económica,
Date of production, publication, distribution, manufacture, or copyright notice 1964 ;
-- ©1996
300 ## - PHYSICAL DESCRIPTION
Extent 2 volúmenes ;
Dimensions 24 cm
336 ## - CONTENT TYPE
Fuente rdacontent
Content type term texto
Content type code txt
337 ## - MEDIA TYPE
Source rdamedia
Media type term sin medio
Media type code n
338 ## - CARRIER TYPE
Source rdacarrier
Carrier type term volumen
Carrier type code nc
490 0# - SERIES STATEMENT
Series statement Sección de Obras de Sociología
500 ## - GENERAL NOTE
General note Reimpresiones: (primera reimpresión, 1969 ; décima reimpresión, 1996)
650 #7 - SUBJECT ADDED ENTRY--TOPICAL TERM
Topical term or geographic name entry element Economía
General subdivision Sociología
Source of heading or term armarc
700 1# - ADDED ENTRY--PERSONAL NAME
Personal name Winckelmann, Johannes,
Relator term editor
700 1# - ADDED ENTRY--PERSONAL NAME
Personal name Medina Echavarría, José,
Relator term autor de nota preliminar
-- traductor
700 1# - ADDED ENTRY--PERSONAL NAME
Personal name Roura Parella,
Relator term Juan
700 1# - ADDED ENTRY--PERSONAL NAME
Personal name Ímaz, Eugenio,
Relator term traductor
700 1# - ADDED ENTRY--PERSONAL NAME
Personal name García Máynez, Eduardo,
Relator term traductor
700 1# - ADDED ENTRY--PERSONAL NAME
Personal name Ferrater Mora, José,
Relator term traductor
765 0# - ORIGINAL LANGUAGE ENTRY
Main entry heading Weber, Max
Title Wirtschaft und Gesellschaft. Grundriss der Verstehenden Soziologie
Place, publisher, and date of publication Tubinga : J.C.B. Mohr (Paul Siebeck), ©1922
942 ## - ADDED ENTRY ELEMENTS (KOHA)
Source of classification or shelving scheme Dewey Decimal Classification
Koha item type Libro
Classification part 306.3
Item part W3618
Existencias
Withdrawn status Lost status Source of classification or shelving scheme Damaged status Not for loan Collection code Home library Current library Shelving location Date acquired Source of acquisition Serial Enumeration / chronology Total Checkouts Full call number Barcode Date last seen Date last checked out Copy number Price effective from Koha item type
    Dewey Decimal Classification     General Biblioteca Karol Wojtyla Biblioteca Karol Wojtyla Sala general 03/12/2013 Compra v.1 2 306.3 W3618 1964 32734 05/01/2026 18/02/2022 Ej.2 24/11/2016 Libro
  Extraviado Dewey Decimal Classification       Biblioteca Karol Wojtyla Biblioteca Karol Wojtyla   03/12/2013 Compra     306.3 WEB 1969 52759       24/11/2016 Libro
  Extraviado Dewey Decimal Classification       Biblioteca Karol Wojtyla Biblioteca Karol Wojtyla   03/12/2013 Compra     306.3 WEB 28448       03/12/2013 Libro
  Extraviado Dewey Decimal Classification       Biblioteca Karol Wojtyla Biblioteca Karol Wojtyla   03/12/2013 Compra     306.3 WEB 1969 52194       24/11/2016 Libro
    Dewey Decimal Classification     General Biblioteca Karol Wojtyla Biblioteca Karol Wojtyla Sala general 03/12/2013 Compra v.1 1 306.3 W3618 1964 32735 05/01/2026 24/08/2018   24/11/2016 Libro
    Dewey Decimal Classification     General Biblioteca Karol Wojtyla Biblioteca Karol Wojtyla Sala general 03/12/2013 Compra v.2   306.3 W3618 1964 1187 05/01/2026 10/07/2014   24/11/2016 Libro